000
00313nam a2200109Ia 4500
008
171211s9999 xx 000 0 und d
245
_a
Games and Information: An Introduction to Game Theory
245
_c
Eric Rasmusen
260
_c
2006
650
_x
GAMES
856
_u
http://down.ebook777.com/051/1405136669.pdf
999
_c
348981
_d
348981